Тацит / (Record no. 312014)
[ view plain ]
| 000 -LEADER | |
|---|---|
| fixed length control field | 00671nam a22002051a 4500 |
| 001 - CONTROL NUMBER | |
| control field | 000894471 |
| 003 - CONTROL NUMBER IDENTIFIER | |
| control field | AM-YEHGA |
| 005 - DATE AND TIME OF LATEST TRANSACTION | |
| control field | 20250826150552.0 |
| 008 - FIXED-LENGTH DATA ELEMENTS--GENERAL INFORMATION | |
| fixed length control field | 060620s1946 ru |||||||||||||||0|rus|d |
| 040 ## - CATALOGING SOURCE | |
| Original cataloging agency | AM-YEHGA |
| 041 1# - LANGUAGE CODE | |
| Language code of text/sound track or separate title | rus |
| Language code of original | eng |
| 100 1# - MAIN ENTRY--PERSONAL NAME | |
| Personal name | Гревс, Иван Михайлович, |
| Dates associated with a name | 1860-1941 |
| 245 10 - TITLE STATEMENT | |
| Title | Тацит / |
| Statement of responsibility, etc. | И.М. Гревс. |
| 260 ## - PUBLICATION, DISTRIBUTION, ETC. | |
| Place of publication, distribution, etc. | Москва ; |
| -- | Ленинград : |
| Name of publisher, distributor, etc. | Изд-во АН СССР, |
| Date of publication, distribution, etc. | 1946. |
| 300 ## - PHYSICAL DESCRIPTION | |
| Extent | 248 с. ; |
| Dimensions | 22 см. |
| 500 ## - GENERAL NOTE | |
| General note | Над заг.: Академия Наук Союза ССР |
| 600 14 - SUBJECT ADDED ENTRY--PERSONAL NAME | |
| Personal name | Тацит, Корнелий |
| Dates associated with a name | ок. 58-ок. 117 |
| 650 14 - SUBJECT ADDED ENTRY--TOPICAL TERM | |
| Topical term or geographic name entry element | История |
| 942 ## - ADDED ENTRY ELEMENTS (KOHA) | |
| Source of classification or shelving scheme | Universal Decimal Classification |
| Koha item type | Գրքեր / Books |
| Withdrawn status | Lost status | Source of classification or shelving scheme | Damaged status | Not for loan | Collection | Home library | Current library | Date acquired | Total checkouts | Full call number | Barcode | Date last seen | Price effective from | Koha item type | Public note |
|---|---|---|---|---|---|---|---|---|---|---|---|---|---|---|---|
| Universal Decimal Classification | Hambardzumyan Individual Collection | Fundamental Scientific Library | Fundamental Scientific Library | 09/01/2017 | Amb/824 | FL0231326 | 09/01/2017 | 09/01/2017 | Գրքեր / Books | ILL Non-Circ. | |||||
| General | Fundamental Scientific Library | Fundamental Scientific Library | 20/06/2019 | РД II/62304 | FL0583522 | 20/06/2019 | 20/06/2019 | Գրքեր / Books | 30 Days Loan | ||||||
| General | Fundamental Scientific Library | Fundamental Scientific Library | 20/06/2019 | РД II/62305 | FL0583523 | 20/06/2019 | 20/06/2019 | Գրքեր / Books | 30 Days Loan | ||||||
| Universal Decimal Classification | General | Fundamental Scientific Library | Fundamental Scientific Library | 10/09/2019 | РД II/63232 | FL0597561 | 10/09/2019 | 10/09/2019 | Գրքեր / Books | 30 Days Loan | |||||
| Kusikian Individual Collection | Fundamental Scientific Library | Fundamental Scientific Library | 21/05/2025 | Кус/2797 | FL0691071 | 21/05/2025 | 21/05/2025 | Գրքեր / Books | Ill Non-Circ |
ՀՀ Գիտությունների ազգային ակադեմիայի հիմնարար գիտական գրադարան = Fundamental Scientific Library of NAS RA
All site content, except where otherwise noted, is licensed under a